Normal view
MARC view
Entry Topical Term
001 - CONTROL NUMBER
- control field: 15228
003 - CONTROL NUMBER IDENTIFIER
- control field: OSt
005 - DATE AND TIME OF LATEST TRANSACTION
- control field: 20250319204253.0
008 - FIXED-LENGTH DATA ELEMENTS
- fixed length control field: 250319|| aca||aabn | a|a d
040 ## - CATALOGING SOURCE
- Original cataloging agency: OSt
- Transcribing agency: OSt
150 ## - HEADING--TOPICAL TERM
- Topical term or geographic name entry element: Graduates -- Job satisfaction
670 ## - SOURCE DATA FOUND
- Source citation: Work cat.: (OSt)3934: Blanca, Blessie P., author. 14800, Perceptions on the level of job satisfaction of selected graduates of the Bachelor of Science in Industrial Education of Cavite State University - Rosario S.Y. 2001 - 2002 to 2005 - 2006 / , 2008
